01016nam a2200193Ia 4500001001100000003001000011008004100021040002500062041001300087100003800100245002800138250001100166260009000177300001200267500019800279501011400477520019800591650003300789L840-49672IT-CnALBA170116s9999||||xx |||||||||||||| ||und|| aIT-CnALBAcIT-CnALBA aITALIANO aPREMIO (III) LETTERARIO ENERGHEIA 0aI RACCONTI DI ENERGIA.  a1a ed. a MATERAbENERGHEIA ASS. CULTURALE ED. c1997 [1° Ed.:1997 - Ed.Ling.Originale: 1997] a155 p.  aCERRETANI F. IL BARBIERE, DISCORSO DI LETTERE. CASCONE A. IL MISTERO DI LYNNATE. IL ROSSO E L'UOMO DEL SERPENTE. L'ASCESA DI ASMODEO. FERNANDA, SCHIRONE M. IL CIGNO NERO. NOTIZIE SUGLI AUTORI.  aSocietà San Paolo EM - Piazza San Paolo, 14 - 12051 ALBA (CN) (non commercial uses only) ® Copyright 2017 aCERRETANI F. IL BARBIERE, DISCORSO DI LETTERE. CASCONE A. IL MISTERO DI LYNNATE. IL ROSSO E L'UOMO DEL SERPENTE. L'ASCESA DI ASMODEO. FERNANDA, SCHIRONE M. IL CIGNO NERO. NOTIZIE SUGLI AUTORI.  aLETTERATURA FRANCESE E ALTRE